000 00710nam a2200241Ia 4500
003 OSt
005 20220927105419.0
006 a|||||r|||| 00| 0
007 ta
008 220926b |||||||| |||| 00| 0 eng d
024 _a169512
037 _cReference Collections
040 _aRTL
_cRTL
_beng
041 _2eng
_aeng
082 _a"X61.1.N98r, N8/GD"
110 _a"U.S.A., International monatary fund"
_9372304
245 0 _aAnnual report 1998
260 _aWashington
_bI.L.A.
_c1998
300 _ax;230p
_ccm.
700 _a"U.S.A., International monatary fund"
_9372305
942 _h"X61.1.N98r, N8/GD"
_cCC
999 _c692415
_d692415